Supply of Chain (Record no. 204376)

MARC details
000 -LEADER
fixed length control field 00676nam a22001937a 4500
005 - DATE AND TIME OF LATEST TRANSACTION
control field 20240725155104.0
010 ## - LCCN (DPL NO)
LC control number ENG-140854
020 ## - INTERNATIONAL STANDARD BOOK NUMBER
Terms of availability 825.00
International Standard Book Number 9789355327215
035 ## - SYSTEM CONTROL NUMBER
System control number EN-124386
037 ## - SOURCE OF ACQUISITION
Source of stock number/acquisition DBAD/PUB
082 ## - DEWEY DECIMAL CLASSIFICATION NUMBER
Classification number 658.5
100 ## - MAIN ENTRY--PERSONAL NAME
Personal name J.Bowersox donald
245 ## - TITLE STATEMENT
Title Supply of Chain
Statement of responsibility, etc Donald J.Bowersox , David J.Closs, M.Bixby Cooper, [and] John C. Bowersox
Remainder of title Logisitices management
250 ## - EDITION STATEMENT
Edition statement 1
260 ## - PUBLICATION, DISTRIBUTION, ETC. (IMPRINT)
Place of publication, distribution, etc Chennai
Name of publisher, distributor, etc Mc Graw Hill Education ( India) Pvt Limited
Date of publication, distribution, etc 2020
270 ## - ADDRESS
City Chennai
Address Anjana Complex, no:5/90A, Butt Road, St. Thomas Mount, Chennai
Postal code 6000016
300 ## - PHYSICAL DESCRIPTION
Extent 461vpp.
Dimensions 26(pb)
942 ## - ADDED ENTRY ELEMENTS (KOHA)
Source of classification or shelving scheme Dewey Decimal Classification
Item type English Books
Classification part 658.5
Call number suffix BOW
Holdings
Withdrawn status Lost status Not for loan Collection code Home library Current library Date acquired Source of acquisition Cost, normal purchase price Full call number Barcode Copy number Cost, replacement price Koha item type
      Non-fiction Shahdara Branch Shahdara Branch 24/07/2024 DBAD 825.00 658.5 BOW EN-124386 1 825.00 English Books

© Delhi Public Library
Hit Counter
free hit counter